000 00195nam a22000977a 4500
999 _c530784
_d530784
040 _cDLC
082 _a891.4397
_bSHA
100 _aShafique Rehman
_923875
245 _aDareeche
942 _2ddc
_cBK